Cowboy--fisherman--hunter; true stories of the great Southwest /

Bibliographic Details
Main Author: Mersfelder, Louis Calhoun, 1884-
Format: Book
Language:English
Published: Kansas City, Mo. : Brown-White-Lowell Press, 1951.
Edition:[Rev. and enl. ed.].
Subjects:

MARC

Tag First Indicator Second Indicator Subfields
LEADER 00000cam a2200000 4500
001 in00000395821
005 20151011112015.0
008 750527s1951 moua 00010 eng
010 |a  75313577  
035 |a (OCoLC)01503476 
035 |9 ABR7925AM 
040 |a DLC  |c DLC  |d TXA  |d UtOrBLW 
043 |a n-ust-- 
049 |a TXA1  |c [A14808532985] 
050 0 0 |a SH464.S67  |b M47 1951 
082 0 |a 799/.092/4  |a B 
100 1 |a Mersfelder, Louis Calhoun,  |d 1884- 
245 1 0 |a Cowboy--fisherman--hunter; true stories of the great Southwest /  |c [by] L. C. (Larry) Mersfelder. 
250 |a [Rev. and enl. ed.]. 
264 1 |a Kansas City, Mo. :  |b Brown-White-Lowell Press,  |c 1951. 
300 |a xiv, 271 pages :  |b illustrations ;  |c 23 cm. 
336 |a text  |b txt  |2 rdacontent 
337 |a unmediated  |b n  |2 rdamedia 
338 |a volume  |b nc  |2 rdacarrier 
650 0 |a Fishing  |z Southwest, New. 
650 0 |a Hunting  |z Southwest, New. 
650 0 |a Cowboys  |z Southwest, New. 
999 |a MARS 
999 f f |s ab45c19b-6b68-301c-8d7b-a2a69ab7942e  |i 95b10e42-5230-3dc7-a9f4-33a0fd6f8b7c  |t 0 
952 f f |p noncirc  |a Texas A&M University  |b College Station  |c Cushing Memorial Library & Archives  |d Cushing: Dykes (Does not check out)  |t 0  |e SH464.S67 M47 1951  |h Library of Congress classification  |i unmediated -- volume  |m A14851936980 
998 f f |a SH464.S67 M47 1951  |t 0  |l Cushing: Dykes (Does not check out)